| 000 | 00482nam a22001457a 4500 | ||
|---|---|---|---|
| 020 | _a0-910110-07-7 | ||
| 082 |
_a697.9315 _bAME _cL-12, P-45 |
||
| 100 |
_aA.S.H.R.A.E INC. _946241 |
||
| 245 |
_aAshrae brochure on psychrometry/ _cA.S.H.R.A.E INC. |
||
| 260 |
_aAtlanta, _bAmerican society of healthing, refrigerating and air conditioning engireeing _c1971. |
||
| 300 |
_a167p.: _bill,; _c30 cm. |
||
| 526 |
_a0 _b0 _c0 _d697_931500000000000_AME |
||
| 650 |
_aMCE _9379 |
||
| 942 |
_2ddc _cBK |
||
| 999 |
_c549602 _d549602 |
||